<?xml version="1.0" encoding="UTF-8"?>
<record
    xmlns:xsi="http://www.w3.org/2001/XMLSchema-instance"
    xsi:schemaLocation="http://www.loc.gov/MARC21/slim http://www.loc.gov/standards/marcxml/schema/MARC21slim.xsd"
    xmlns="http://www.loc.gov/MARC21/slim">

  <leader>01118nam a22002052  4500</leader>
  <controlfield tag="001">19495</controlfield>
  <controlfield tag="003">UkOxU</controlfield>
  <controlfield tag="005">20211209000436.0</controlfield>
  <controlfield tag="008">140224s1971    fr            000 0 eng d</controlfield>
  <datafield tag="035" ind1=" " ind2=" ">
    <subfield code="a">BD-RjUL)19555</subfield>
  </datafield>
  <datafield tag="040" ind1=" " ind2=" ">
    <subfield code="a">OCP</subfield>
    <subfield code="c">OCP</subfield>
    <subfield code="d">EQO</subfield>
    <subfield code="d">BD-RjUL</subfield>
    <subfield code="b">eng</subfield>
  </datafield>
  <datafield tag="041" ind1=" " ind2=" ">
    <subfield code="a">eng</subfield>
  </datafield>
  <datafield tag="082" ind1="0" ind2="4">
    <subfield code="2">20</subfield>
    <subfield code="a">551.46350720729 </subfield>
    <subfield code="b">UNS 1971</subfield>
  </datafield>
  <datafield tag="111" ind1="2" ind2=" ">
    <subfield code="a">Symposium on Investigations and Resources of the Caribbean Sea and Adjacent Regions</subfield>
    <subfield code="d">(1968 :</subfield>
    <subfield code="c">Willemstad, Cura&#xE7;ao)</subfield>
    <subfield code="9">59893</subfield>
  </datafield>
  <datafield tag="245" ind1="0" ind2="0">
    <subfield code="a">Symposium on investigations and resources of the Caribbean Sea and adjacent regions :</subfield>
    <subfield code="b">preparatory to the Co-operative Investigations of the Caribbean and Adjacent Regions (CICAR) /</subfield>
    <subfield code="c">organized jointly by Unesco and FAO, Willemstad, Cura&#xE7;ao, Netherlands Antilles, 18-26 November, 1968; papers on physical and chemical oceanography, marine geology and geophysics, and marine biology. Coloquio sobre investigaciones y recursos del Mar Car&#xED;be y regiones adyacentes.</subfield>
  </datafield>
  <datafield tag="260" ind1=" " ind2=" ">
    <subfield code="a">Paris :</subfield>
    <subfield code="b">Unesco,</subfield>
    <subfield code="c">1971.</subfield>
  </datafield>
  <datafield tag="300" ind1=" " ind2=" ">
    <subfield code="a">545 p. :</subfield>
    <subfield code="b">illus. maps. ;</subfield>
    <subfield code="c">28 cm.</subfield>
  </datafield>
  <datafield tag="650" ind1=" " ind2="0">
    <subfield code="a">  Oceanography -- Caribbean Area -- Congresses. </subfield>
    <subfield code="9">59892</subfield>
  </datafield>
  <datafield tag="942" ind1=" " ind2=" ">
    <subfield code="2">ddc</subfield>
    <subfield code="c">BK</subfield>
  </datafield>
  <datafield tag="999" ind1=" " ind2=" ">
    <subfield code="c">19495</subfield>
    <subfield code="d">19495</subfield>
  </datafield>
  <datafield tag="952" ind1=" " ind2=" ">
    <subfield code="0">0</subfield>
    <subfield code="1">0</subfield>
    <subfield code="2">ddc</subfield>
    <subfield code="4">0</subfield>
    <subfield code="7">1</subfield>
    <subfield code="8">NFIC</subfield>
    <subfield code="a">RUCL</subfield>
    <subfield code="b">RUCL</subfield>
    <subfield code="c">Reading</subfield>
    <subfield code="d">1982-06-05</subfield>
    <subfield code="e">Unknown, Gift</subfield>
    <subfield code="l">0</subfield>
    <subfield code="o">551.46350720729  UNS 1971</subfield>
    <subfield code="r">2014-02-24 00:00:00</subfield>
    <subfield code="t">C-1</subfield>
    <subfield code="w">2014-02-24</subfield>
    <subfield code="y">BK</subfield>
  </datafield>
</record>
